000
00276nam a2200109Ia 4500
008
220204s9999 xx 000 0 und d
082
_a
066.097
_b
PET
100
_a
Peterson, Robert J
245
0
_a
Hydrogenation catalysts
260
_a
New Jersey
_b
Noyes Data
_c
1977
942
_c
BK
999
_c
28241
_d
28241